Statistiche per ALLENATORI CHE HANNO VINTO LA CHAMPIONS DAL 2002

Clicka qui per fare il quiz!

Statistiche generali

  • Questo quiz è stato fatto 46 volte
  • Il punteggio medio è 17 su 22

Statistiche sulle risposte

ANNOALLENATORE% Corretto
2010MOURINHO
98%
2022ANCELOTTI
95%
2023GUARDIOLA
95%
2019KLOPP
95%
2018ZIDANE
95%
2017ZIDANE
95%
2007ANCELOTTI
93%
2009GUARDIOLA
93%
2011GUARDIOLA
90%
2016ZIDANE
90%
2004MOURINHO
88%
2021TUCHEL
88%
2014ANCELOTTI
85%
2003ANCELOTTI
80%
2008FERGUSON
76%
2005BENITEZ
71%
2012DI MATTEO
66%
2015ENRIQUE
66%
2020FLICK
54%
2006RIJKAARD
39%
2013HEYNCKES
32%
2002DEL BOSQUE
24%

Distribuzione punteggi

Percentile per numero di risposta

Percentuale di utenti per punteggio

I tuoi punteggi nel tempo

Non hai fatto questo quiz